000 00302nam a22001337a 4500
020 _a9788126506255
082 _a620.43
_bBOO/NA
100 _aBooker, Richard
245 _aNanotechnology
260 _aNew Delhi
_bWiley India Pvt. Ltd.
_c2011
300 _a361
700 _aBoysen, Earl
942 _cBK
999 _c13901
_d13901